[Event "Lignano Sabbiadoro op 2nd"]
[Site "Lignano Sabbiadoro"]
[Date "2016.08.04"]
[Round "6"]
[White "Mufic, Goran"]
[Black "Boscolo, Marco"]
[Result "1-0"]
[WhiteElo "2255"]
[BlackElo "2134"]
[PlyCount "83"]
[EventDate "2016.07.31"]
[EventType "swiss"]
[EventRounds "9"]
[EventCountry "ITA"]
[SourceTitle "CBM 173 Extra"]
[Source "ChessBase"]
[SourceDate "2016.08.29"]
[SourceVersion "1"]
[SourceVersionDate "2016.08.29"]
[SourceQuality "1"]

1. e4 e6 2. Nc3 d5 3. Nf3 Nf6 4. e5 Nfd7 5. d4 c5 6. dxc5 Nc6 7. Bf4 Bxc5 8. Bd3 f6 9. exf6 Nxf6 10. Ne5 0-0 11. 0-0 Bd6 12. Qe2 a6 13. Rae1 Qc7 14. Bg3 Nxe5 15. Bxe5 Bxe5 16. Qxe5 Qb6 17. Ne2 Bd7 18. Qd4 Qd6 19. Ng3 Rfe8 20. f4 Rac8 21. Re5 Qc5 22. Ne2 Ng4 23. Rg5 e5 24. fxe5 Rxe5 25. Rxe5 Nxe5 26. Qxc5 Rxc5 27. Nd4 Nxd3 28. cxd3 Rc8 29. Kf2 Rf8+ 30. Ke1 Rxf1+ 31. Kxf1 Kf7 32. Kf2 Kf6 33. Ke3 b6 34. Nc2 Ke5 35. d4+ Ke6 36. Kf4 h6 37. h4 Be8 38. g4 a5 39. Ne3 Bg6 40. Nf5 Kf6 41. g5+ hxg5+ 42. hxg5+ 1-0

[Event "Cipressina op-A 2nd"]
[Site "Venice"]
[Date "2013.12.01"]
[Round "4"]
[White "Girgenti, Giuseppe"]
[Black "Boscolo, Marco"]
[Result "1/2-1/2"]
[WhiteElo "1931"]
[BlackElo "2125"]
[PlyCount "39"]
[EventDate "2013.11.29"]
[EventType "swiss"]
[EventRounds "5"]
[EventCountry "ITA"]
[SourceTitle "EXT 2015"]
[Source "ChessBase"]
[SourceDate "2014.11.20"]
[SourceVersion "1"]
[SourceVersionDate "2014.11.20"]
[SourceQuality "1"]

1. d4 d5 2. c4 c6 3. Nc3 Nf6 4. Nf3 dxc4 5. a4 Bf5 6. Ne5 Nbd7 7. Nxc4 Nb6 8. Nxb6 Qxb6 9. e3 Rd8 10. Bd3 Bxd3 11. Qxd3 a5 12. 0-0 e6 13. Bd2 Be7 14. Rfc1 0-0 15. Qe2 Rfe8 16. Qe1 Bb4 17. Ne2 Nd5 18. Nc3 Nf6 19. Ne2 Nd5 20. Nc3 1/2-1/2

[Event "Mogliano Veneto op-A 34th"]
[Site "Mogliano Veneto"]
[Date "2013.04.26"]
[Round "3"]
[White "Boscolo, Marco"]
[Black "Vianello, Enrico"]
[Result "1/2-1/2"]
[WhiteElo "2145"]
[BlackElo "2146"]
[PlyCount "38"]
[EventDate "2013.04.25"]
[EventType "swiss"]
[EventRounds "6"]
[EventCountry "ITA"]
[SourceTitle "EXT 2015"]
[Source "ChessBase"]
[SourceDate "2014.11.20"]
[SourceVersion "1"]
[SourceVersionDate "2014.11.20"]
[SourceQuality "1"]

1. d4 d5 2. c4 Nc6 3. Nc3 Nf6 4. Bf4 Bf5 5. Rc1 e6 6. e3 Bd6 7. Bxd6 Qxd6 8. Nf3 0-0 9. Be2 Rad8 10. cxd5 exd5 11. 0-0 Ne4 12. a3 Rfe8 13. Bb5 Bd7 14. Bxc6 Bxc6 15. Ne5 Bd7 16. Nxe4 dxe4 17. Nxd7 Rxd7 18. Qa4 a6 19. b4 Re6 1/2-1/2

[Event "Mogliano Veneto op-A 34th"]
[Site "Mogliano Veneto"]
[Date "2013.04.25"]
[Round "1"]
[White "Boscolo, Marco"]
[Black "Della Sala, Bruno"]
[Result "1-0"]
[WhiteElo "2145"]
[BlackElo "1928"]
[PlyCount "117"]
[EventDate "2013.04.25"]
[EventType "swiss"]
[EventRounds "6"]
[EventCountry "ITA"]
[SourceTitle "EXT 2015"]
[Source "ChessBase"]
[SourceDate "2014.11.20"]
[SourceVersion "1"]
[SourceVersionDate "2014.11.20"]
[SourceQuality "1"]

1. d4 Nf6 2. Nf3 c5 3. d5 e6 4. Nc3 b5 5. Bg5 Bb7 6. dxe6 fxe6 7. Nxb5 Qa5+ 8. Nc3 Be7 9. Bd2 Qc7 10. g3 0-0 11. Bg2 d5 12. 0-0 Nbd7 13. Ng5 Qb6 14. Na4 Qc6 15. c4 h6 16. Nh3 Ne4 17. cxd5 exd5 18. Nc3 Ndf6 19. Nf4 Qd7 20. Ng6 Rfe8 21. Nxe4 Nxe4 22. Nxe7+ Qxe7 23. e3 Ba6 24. Re1 Rf8 25. f3 Nxd2 26. Qxd2 Rad8 27. Rac1 d4 28. exd4 Qd6 29. d5 Qxd5 30. Qxd5+ Rxd5 31. Rc2 Bd3 32. Rd2 c4 33. f4 Rd6 34. Bf1 Rfd8 35. Red1 Kf7 36. Kf2 Ke7 37. Be2 R8d7 38. Rc1 Ra6 39. a3 Rb6 40. Rc3 a5 41. b3 Rxb3 42. Rxb3 cxb3 43. Rxd3 Rb7 44. Rd1 a4 45. Ke3 b2 46. Rb1 Rb3+ 47. Kd2 Rxa3 48. Rxb2 Ra1 49. Bc4 Kf6 50. Ra2 Rh1 51. Ke3 g5 52. fxg5+ Kxg5 53. Kf3 h5 54. h4+ Kf6 55. Rxa4 Rc1 56. Be2 Rc5 57. Rb4 Kg6 58. Rb5 Rc3+ 59. Kf4 1-0

[Event "Noale Szabados Memorial-A 5th"]
[Site "Noale"]
[Date "2012.02.04"]
[Round "3"]
[White "Boscolo, Marco"]
[Black "Collutiis, Duilio"]
[Result "0-1"]
[WhiteElo "2132"]
[BlackElo "2477"]
[PlyCount "54"]
[EventDate "2012.02.03"]
[EventType "swiss"]
[EventRounds "5"]
[EventCountry "ITA"]
[SourceTitle "EXT 2022"]
[Source "ChessBase"]
[SourceDate "2021.10.06"]
[SourceVersion "1"]
[SourceVersionDate "2021.10.06"]
[SourceQuality "1"]

1. Nf3 Nf6 2. c4 g6 3. Nc3 Bg7 4. g3 0-0 5. Bg2 d6 6. d4 Nbd7 7. 0-0 e5 8. h3 Re8 9. e4 exd4 10. Nxd4 c6 11. Re1 Qb6 12. Nb3 Ne5 13. Bf1 Be6 14. Be3 Qd8 15. Nd2 d5 16. cxd5 cxd5 17. exd5 Nxd5 18. Bd4 Nxc3 19. Bxc3 Nd3 20. Re3 Nxb2 21. Qc2 Bxc3 22. Rxc3 Na4 23. Qxa4 Qxd2 24. Rc2 Qd6 25. Bg2 Re7 26. Rb2 Bd7 27. Rd1 Re1+ 0-1

[Event "Cavarzere op 14th"]
[Site "Cavarzere"]
[Date "2011.10.16"]
[Round "2.3"]
[White "Boscolo, Marco"]
[Black "Zanirato, Stefano"]
[Result "1-0"]
[WhiteElo "2166"]
[BlackElo "1910"]
[PlyCount "81"]
[EventDate "2011.10.15"]
[EventType "swiss"]
[EventRounds "6"]
[EventCountry "ITA"]
[SourceTitle "EXT 2023"]
[Source "ChessBase"]
[SourceDate "2022.10.05"]
[SourceVersion "1"]
[SourceVersionDate "2022.10.05"]
[SourceQuality "1"]

1. d4 Nf6 2. c4 e5 3. dxe5 Ng4 4. Bf4 Nc6 5. Nf3 Bb4+ 6. Nbd2 Qe7 7. a3 Ngxe5 8. Nxe5 Nxe5 9. e3 Bxd2+ 10. Qxd2 d6 11. Be2 Bd7 12. Qc3 Bc6 13. 0-0 0-0 14. b4 Qf6 15. Rac1 Qg6 16. f3 f6 17. c5 dxc5 18. b5 Bd5 19. Qxc5 c6 20. e4 Be6 21. Bxe5 fxe5 22. bxc6 bxc6 23. Qxe5 Rf6 24. Rc5 Raf8 25. Qg5 Qe8 26. Qc1 Bd7 27. e5 Rh6 28. f4 Qe7 29. g3 Bh3 30. Rf2 g5 31. Rxc6 Rxc6 32. Qxc6 gxf4 33. Bc4+ Kg7 34. gxf4 Qxa3 35. Qf3 Qc1+ 36. Bf1 Bf5 37. h3 Qc5 38. Kh2 Qd4 39. Bg2 Kh6 40. Qg3 Rg8 41. Qxg8 1-0

[Event "Chioggia op-A 06th"]
[Site "Chioggia"]
[Date "2011.10.09"]
[Round "4"]
[White "Boscolo, Marco"]
[Black "Palazzotto, Roberto"]
[Result "1/2-1/2"]
[WhiteElo "2166"]
[BlackElo "1877"]
[PlyCount "67"]
[EventDate "2011.10.07"]
[EventType "swiss"]
[EventRounds "5"]
[EventCountry "ITA"]
[SourceTitle "EXT 2022"]
[Source "ChessBase"]
[SourceDate "2021.10.06"]
[SourceVersion "1"]
[SourceVersionDate "2021.10.06"]
[SourceQuality "1"]

1. d4 d5 2. Nf3 Nf6 3. c4 c6 4. Nc3 e6 5. e3 Nbd7 6. Qc2 Bd6 7. g4 h6 8. Rg1 e5 9. cxd5 Nxd5 10. Ne4 Bb4+ 11. Bd2 Bxd2+ 12. Nexd2 Qe7 13. dxe5 Nxe5 14. Nxe5 Qxe5 15. Qe4 Qxe4 16. Nxe4 0-0 17. Bc4 Re8 18. Bxd5 cxd5 19. Nd6 Re6 20. Nxc8 Rxc8 21. Kd2 Rec6 22. Rac1 Rxc1 23. Rxc1 Rxc1 24. Kxc1 g6 25. Kd2 Kf8 26. Kd3 Ke7 27. Kd4 Kd6 28. h4 f6 29. f3 f5 30. gxf5 gxf5 31. b3 b6 32. a3 h5 33. f4 a6 34. b4 1/2-1/2

[Event "Porto San Giorgio op 23rd"]
[Site "Porto San Giorgio"]
[Date "2011.08.21"]
[Round "1"]
[White "Dieli, Riccardo"]
[Black "Boscolo, Marco"]
[Result "0-1"]
[WhiteElo "1897"]
[BlackElo "2166"]
[PlyCount "46"]
[EventDate "2011.08.21"]
[EventType "swiss"]
[EventRounds "9"]
[EventCountry "ITA"]
[SourceTitle "CBM 144 Extra"]
[Source "ChessBase"]
[SourceDate "2011.10.28"]
[SourceVersion "1"]
[SourceVersionDate "2011.10.28"]
[SourceQuality "1"]

1. Nf3 Nf6 2. d4 g6 3. Nc3 d5 4. Bg5 Bg7 5. e3 c6 6. Bd3 Qa5 7. 0-0 Bg4 8. h3 Be6 9. a3 0-0 10. Ne2 Qd8 11. Nf4 Bc8 12. c4 Ne4 13. Bxe4 dxe4 14. Nd2 h6 15. Nxe4 hxg5 16. Nxg6 fxg6 17. Nxg5 e5 18. h4 exd4 19. e4 Qd7 20. f3 c5 21. Rb1 Nc6 22. b4 Ne5 23. bxc5 Qe7 0-1

[Event "Mogliano Veneto op 32nd"]
[Site "Mogliano Veneto"]
[Date "2011.04.30"]
[Round "3"]
[White "Basso, Pier Luigi"]
[Black "Boscolo, Marco"]
[Result "1/2-1/2"]
[WhiteElo "1996"]
[BlackElo "2175"]
[PlyCount "74"]
[EventDate "2011.04.29"]
[EventType "swiss"]
[EventRounds "5"]
[EventCountry "ITA"]
[SourceTitle "EXT 2023"]
[Source "ChessBase"]
[SourceDate "2022.10.05"]
[SourceVersion "1"]
[SourceVersionDate "2022.10.05"]
[SourceQuality "1"]

1. e4 c6 2. d4 d5 3. f3 e6 4. Nc3 Bb4 5. e5 c5 6. a3 Ba5 7. b4 cxd4 8. Nb5 Bc7 9. f4 Ne7 10. Nf3 Nbc6 11. Nbxd4 Nxd4 12. Nxd4 Bb6 13. c3 0-0 14. Bd3 f6 15. Qg4 Nf5 16. Bb2 fxe5 17. fxe5 Qc7 18. Qe2 Bd7 19. 0-0 Rae8 20. g4 Nxd4 21. cxd4 Qd8 22. Rxf8+ Rxf8 23. Rf1 Rxf1+ 24. Kxf1 Qg5 25. h3 Qe7 26. Qf2 Qe8 27. Qe2 a5 28. Bc3 axb4 29. axb4 Qe7 30. Qf2 Qe8 31. Qe2 Bd8 32. Kg2 Bg5 33. Qc2 g6 34. Bd2 Bd8 35. Qc5 Be7 36. Qc7 b5 37. Be2 Kf7 1/2-1/2

[Event "Chioggia op-A 05th"]
[Site "Chioggia"]
[Date "2010.10.09"]
[Round "2"]
[White "Dragojlovic, Andjelko"]
[Black "Boscolo, Marco"]
[Result "1-0"]
[WhiteElo "2379"]
[BlackElo "2149"]
[PlyCount "59"]
[EventDate "2010.10.08"]
[EventType "swiss"]
[EventRounds "5"]
[EventCountry "ITA"]
[SourceTitle "EXT 2022"]
[Source "ChessBase"]
[SourceDate "2021.10.06"]
[SourceVersion "1"]
[SourceVersionDate "2021.10.06"]
[SourceQuality "1"]

1. e4 e6 2. b3 d5 3. Bb2 dxe4 4. Nc3 Nf6 5. g4 h6 6. Bg2 Bd7 7. Qe2 Bc6 8. 0-0-0 Bc5 9. Nxe4 Nxe4 10. Bxe4 Bd4 11. c3 Bf6 12. Nf3 Bxe4 13. Qxe4 Nc6 14. h4 Qd6 15. g5 Be7 16. c4 0-0-0 17. Bxg7 Rhg8 18. Bb2 hxg5 19. hxg5 Nb4 20. Ne5 Nd3+ 21. Nxd3 Qxd3 22. Qxd3 Rxd3 23. f4 Bd6 24. Rdf1 Bb4 25. Rh7 Bxd2+ 26. Kc2 Rd7 27. Rd1 Ba5 28. Rxd7 Kxd7 29. Rxf7+ Ke8 30. Rh7 1-0